Mega Monopoly Properties Quiz Stats

 Plays Quiz not verified by Sporcle

Score 0/30 Timer 05:00
0 Plays Today
Color Property % Correct
Blue Boardwalk
81%
PurpleBaltic Ave.
76.2%
PurpleMediterranean Ave.
71.4%
BluePark Place
71.4%
Light BlueConnecticut Ave.
66.7%
RedIndiana Ave.
66.7%
RedIllinois Ave.
66.7%
Light BlueOriental Ave.
61.9%
RedKentucky Ave.
61.9%
Yellow Marvin Gardens
61.9%
OrangeNew York Ave.
57.1%
Light BlueVermont Ave.
52.4%
GreenPennsylvania Ave.
52.4%
PinkSt.Charles Place
47.6%
PinkVirginia Ave.
47.6%
Color Property % Correct
OrangeSt.James Place
47.6%
OrangeTennessee Ave.
47.6%
YellowVentnor Ave.
47.6%
GreenNorth Carolina Ave.
47.6%
Light BlueMassachusetts Ave.
42.9%
PinkStates Ave.
42.9%
RedMichigan Ave.
42.9%
OrangeNew Jersey Ave.
38.1%
YellowAtlantic Ave.
38.1%
BlueFlorida Ave.
38.1%
PurpleArctic Ave.
33.3%
PinkMaryland Ave.
33.3%
Yellow California Ave.
33.3%
GreenPacific Ave.
33.3%
GreenSouth Carolina Ave.
33.3%

You're not logged in!

Compare scores with friends on all Sporcle quizzes.
OR
Log In

Show Comments

Extras

Created Feb 22, 2012ReportNominate
Tags:Color Quiz, mega, monopoly, price, property

Top Quizzes Today


Score Distribution

Your Account Isn't Verified!

In order to create a playlist on Sporcle, you need to verify the email address you used during registration. Go to your Sporcle Settings to finish the process.

Report this User

Report this user for behavior that violates our Community Guidelines.

Details: